000 00484nam a2200169Ia 4500
003 GCL
008 140319s9999 xx 000 0 ara d
040 _aGCL /
_cGCL
082 0 4 _a398.2
_bر ح
100 1 _aرشدى صالح
245 1 0 _aالحكايات والامثال /
_cرشدى صالح
490 _aاخترنا للفلاح
_v0
650 0 4 _aالادب الشعبى
650 0 4 _aالقصص الشعبية
650 0 4 _aالامثال الشعبية
942 _2ddc
_cBK
999 _c40994
_d40994